000 00525nam a22002057a 4500
005 20170907100650.0
008 170907b xxu||||| |||| 00| 0 eng d
020 _a9780986937002
040 _cPK-LaUMT
082 _a613
_bCOL-Y
100 _aColson, Dana G.
245 _aYour mouth :
_bthe gateway to a healthier you :
_cDana G. Colson
260 _aToronto :
_bDJC Corp.,
_c2011
300 _a208 p.
650 _aMouth-Care and hygiene
650 _aYoga
650 _aLongevity
650 _aHealth
942 _cBK
999 _c97916
_d97916